header

Kentucky folktales (Record no. 89269)

MARC details
000 -LEADER
fixed length control field 01328nam a2200349 a 4500
082 04 - DEWEY DECIMAL CLASSIFICATION NUMBER
Classification number 398.209769
100 1# - MAIN ENTRY--AUTHOR NAME
Personal name Hamilton, Mary,
245 10 - TITLE STATEMENT
Title Kentucky folktales
260 ## - PUBLICATION, DISTRIBUTION, ETC. (IMPRINT)
Place of publication Lexington, Ky. :
Name of publisher University Press of Kentucky,
Year of publication c2012.
300 ## - PHYSICAL DESCRIPTION
Number of Pages 219 p.
650 #0 - SUBJECT ADDED ENTRY--TOPICAL TERM
Topical Term Tales
Topical Term Storytelling
856 40 - ELECTRONIC LOCATION AND ACCESS
Uniform Resource Identifier http://site.ebrary.com/lib/rucke/Doc?id=10555829

No items available.

© 2026 Rongo University
Contact us: librarian | system librarian | Rongo university